| 000 | 00996nam a2200241 a 4500 | ||
|---|---|---|---|
| 001 | BRCA_4105 | ||
| 005 | 20190320204540.0 | ||
| 008 | 230310s2009----mx-a######---#000-0#spa-# | ||
| 041 | _aspa | ||
| 044 | _amx | ||
| 050 | 4 |
_aN6555.6 _b.C66 2009 |
|
| 245 | 1 | 0 |
_aConfluencias _bdos siglos de modernidad en la colección BBVA _ctextos y catalogación Javier Barón ... [et al.]. |
| 260 |
_a[México] _bFundación Bancomer : Patronato del Museo de San Carlos : INBA: CONACULTA _c2009 |
||
| 300 |
_a175 p. _bil. a color _c29 cm. |
||
| 500 | _aIncluye índice de obras | ||
| 500 | _aCatálogo de la exposición realizada en el Museo Nacional de San Carlos (Ciudad de México), 11 noviembre, 2009 - 28 febrero, 2010 | ||
| 504 | _aBibliografía: p. 168-175 | ||
| 610 | 2 | 4 |
_aGrupo Bancomer _vExposiciones _xColecciones de arte _910623 |
| 650 | 1 | 4 |
_aArte mexicano _vExposiciones _ySiglo XIX-XX _910624 |
| 650 | 1 | 4 |
_aArte _xHistoria _zAmérica Latina _910625 |
| 700 | 1 |
_aBarón, Javier _910626 |
|
| 942 |
_2lcc _cB |
||
| 999 |
_c3823 _d3823 |
||